Desarrollo Humano en Chile rural 2008: seis millones por nuevos caminos /
Es un informe que aborda la situación del desarrollo humano en las zonas rurales de Chile en el año 2008. El informe se centra en analizar los avances, desafíos y oportunidades en áreas clave como educación, salud, ingresos y participación comunitaria en estas regiones rurales. Se destaca la importa...
Gardado en:
| Autor Corporativo: | |
|---|---|
| Formato: | Desconocido |
| Idioma: | Spanish |
| Publicado: |
Chile :
PNUD
2008
|
| Materias: | |
| Etiquetas: |
Engadir etiqueta
Sen Etiquetas, Sexa o primeiro en etiquetar este rexistro!
|
MARC
| LEADER | 00000 a2200000 04500 | ||
|---|---|---|---|
| 001 | 48144 | ||
| 003 | cru CIDCACS/IIS | ||
| 005 | 20230911162231.0 | ||
| 008 | 050630s2008 cl spa d | ||
| 020 | |a 978-956-7469-08-6 | ||
| 040 | |a cru CIDCACS/IIS |c cru CIDCACS/IIS | ||
| 090 | |a 05.03.01 P964de 2008 | ||
| 110 | |a Programa de las Naciones Unidas para el Desarrollo | ||
| 245 | |a Desarrollo Humano en Chile rural 2008: |b seis millones por nuevos caminos / |c Programa de las Naciones Unidas para el Desarrollo | ||
| 260 | |a Chile : |b PNUD |c 2008 | ||
| 300 | |a 249 páginas : |b tablas, gráficos, fotos | ||
| 520 | |a Es un informe que aborda la situación del desarrollo humano en las zonas rurales de Chile en el año 2008. El informe se centra en analizar los avances, desafíos y oportunidades en áreas clave como educación, salud, ingresos y participación comunitaria en estas regiones rurales. Se destaca la importancia de promover estrategias de desarrollo sostenible y equitativo que atiendan las particularidades de las comunidades rurales, buscando mejorar su calidad de vida y reducir las disparidades en comparación con las áreas urbanas. El informe subraya la necesidad de políticas y programas inclusivos que consideren aspectos como la educación rural de calidad, el acceso a servicios de salud, la promoción de empleo y el fortalecimiento de la participación ciudadana en estas áreas. Asimismo, se reconoce el valor de las tradiciones culturales y prácticas locales en la configuración de estrategias de desarrollo efectivas. RAR | ||
| 650 | 0 | |2 OCDE |9 5306 |a DESARROLLO HUMANO | |
| 650 | 4 | |2 OCDE |9 2689 |a POBLACION RURAL | |
| 650 | 0 | |2 OCDE |9 944 |a EDUCACION | |
| 650 | 0 | |2 OCDE |9 2449 |a SALUD | |
| 650 | 0 | |2 OCDE |9 10149 |a EDUCACION RURAL | |
| 650 | 0 | |2 OCDE |9 2527 |a PARTICIPACION COMUNITARIA | |
| 650 | 0 | |2 OCDE |9 2049 |a DESARROLLO SOSTENIBLE | |
| 651 | 0 | |2 OCDE |9 135 |a CHILE | |
| 942 | |2 z |c LI | ||
| 999 | |c 12675 |d 12675 | ||



